000 00625nam a22002537a 4500
003 UA-OsUOA
001 23653
007 ta
008 20040127b un ||||| |||| 00| 0 ukr d
100 _aГнатюк І.Ф.
090 _a821.161.2
_bГ56
942 _cBK
040 _aUA-OsUOA
_bukr
_cUA-OsUOA
_dUA-OsUOA
245 _aХресна дорога
_bВірші та поеми
300 _a189 с.
955 _a0
041 _aukr
080 _a821.161.2
020 _a5-333-01263-6
260 _aКиїв
_bУкраїнський письменик
_c1992
044 _aUA
650 7 _2UDC
999 _c309905
_d309905